| 000 | 00364nam a2200145Ia 4500 | ||
|---|---|---|---|
| 008 | 241014s9999||||xx |||||||||||||| ||und|| | ||
| 020 | _a978-0-07-147510-5 | ||
| 060 | _aQT104 L 2004 | ||
| 100 | _aLin,David W | ||
| 245 | 0 | _aDeja review: Physiology | |
| 260 |
_aNew York _bMcgraw Hill _c2007 |
||
| 300 | _a212 | ||
| 650 | _aAnatomy & Physiology | ||
| 942 |
_bION _cBK |
||
| 999 |
_c18424 _d18424 |
||